[Event "CYCC U12"]
[Site "Kapuskasing CAN"]
[Date "2004.07.09"]
[Round "7"]
[White "Levesque, Mason"]
[Black "Nadeau, Jeremie"]
[Result "1-0"]
[WhiteElo "943"]
[BlackElo "1240"]
[PlyCount "57"]
[GameId "2160767911095899"]
[EventDate "2004.07.06"]
[EventType "swiss"]
[EventRounds "7"]
[EventCountry "CAN"]

1. e3 e5 2. Nh3 Nf6 3. f3 Bc5 4. Bc4 O-O 5. Bd3 d6 6. O-O Bxh3 7. gxh3 Nc6 8. Nc3 Nb4 9. Ne4 Nxd3 10. cxd3 Nxe4 11. fxe4 g6 12. a3 h5 13. Rf2 a5 14. b3 Ba7 15. Bb2 c5 16. Qf1 Qd7 17. Bc3 Bb6 18. a4 Rae8 19. Rf3 d5 20. exd5 Qxd5 21. Rb1 e4 22. dxe4 Qxe4 23. Rf4 Qe6 24. Rf6 Qd7 25. Rxb6 Re4 26. Qf6 Rg4+ 27. hxg4 Qxg4+ 28. Kf1 Qh3+ 29. Ke1 1-0

[Event "CYCC U12"]
[Site "Kapuskasing CAN"]
[Date "2004.07.09"]
[Round "7"]
[White "MacKinnon, Keith"]
[Black "Gibson, Kevin"]
[Result "1/2-1/2"]
[WhiteElo "1651"]
[BlackElo "1473"]
[PlyCount "81"]
[GameId "2160767911095900"]
[EventDate "2004.07.06"]
[EventType "swiss"]
[EventRounds "7"]
[EventCountry "CAN"]

1. e4 c5 2. Nf3 Nc6 3. d4 cxd4 4. Nxd4 g6 5. c4 Bg7 6. Be3 Nf6 7. Nc3 d6 8. f3 Bd7 9. Qd2 h6 10. O-O-O a6 11. Be2 Rc8 12. Kb1 Ne5 13. b3 Qc7 14. Rc1 Nc6 15. g4 Ne5 16. h4 h5 17. g5 Nh7 18. f4 Ng4 19. Bxg4 Bxg4 20. Nde2 Nf8 21. Ng3 Qa5 22. Na4 Qxd2 23. Bxd2 Nd7 24. Bc3 Bxc3 25. Nxc3 Nb6 26. Nd5 Nxd5 27. cxd5 Kd7 28. Rxc8 Rxc8 29. Rc1 Rxc1+ 30. Kxc1 e6 31. dxe6+ Kxe6 32. Kd2 f6 33. gxf6 Kxf6 34. Ke3 Bd7 35. f5 Be8 36. fxg6 Bxg6 37. Kd4 Ke6 38. Ne2 Bf7 39. Nf4+ Kd7 40. e5 a5 41. exd6 1/2-1/2

[Event "CYCC U12"]
[Site "Kapuskasing CAN"]
[Date "2004.07.09"]
[Round "7"]
[White "Moore, Jeremy"]
[Black "Jiang, Bowen"]
[Result "0-1"]
[WhiteElo "812"]
[BlackElo "1382"]
[PlyCount "52"]
[GameId "2160767911095901"]
[EventDate "2004.07.06"]
[EventType "swiss"]
[EventRounds "7"]
[EventCountry "CAN"]

1. e3 d5 2. e4 dxe4 3. Bc4 e6 4. Nh3 Nc6 5. Ng5 Nf6 6. Qe2 Nd4 7. Qe3 Nxc2+ 8. Kd1 Nxe3+ 9. fxe3 h6 10. Nc3 hxg5 11. Rf1 Nd5 12. d4 exd3 13. e4 Nxc3+ 14. bxc3 Rxh2 15. Rf2 Rh1+ 16. Kd2 Bd6 17. Bb5+ c6 18. Ba4 Bf4+ 19. Rxf4 gxf4 20. Ba3 Rxa1 21. e5 Rxa2+ 22. Kc1 Rxa3 23. Kb2 Rxa4 24. Kb3 d2 25. Kc2 d1=Q+ 26. Kb2 Qb6# 0-1

[Event "CYCC U12"]
[Site "Kapuskasing CAN"]
[Date "2004.07.09"]
[Round "7"]
[White "Sithamparapillai, Arjun"]
[Black "Hambleton, Aman"]
[Result "0-1"]
[WhiteElo "1353"]
[BlackElo "1963"]
[PlyCount "50"]
[GameId "2160767911095902"]
[EventDate "2004.07.06"]
[EventType "swiss"]
[EventRounds "7"]
[EventCountry "CAN"]

1. e4 e6 2. d4 d5 3. Nc3 Bb4 4. exd5 exd5 5. Bd3 Ne7 6. a3 Bxc3+ 7. bxc3 O-O 8. Qf3 c6 9. Rb1 Nd7 10. Ne2 b5 11. h4 f5 12. Qg3 Nf6 13. Bg5 Qe8 14. Bxf6 Rxf6 15. h5 f4 16. Qh2 f3 17. gxf3 Bf5 18. Qg2 Qf7 19. f4 Re8 20. Kd2 Nc8 21. f3 Nd6 22. Rh2 Rfe6 23. Rg1 Bxd3 24. Kxd3 Nc4 25. Qf2 Qf5# 0-1

[Event "CYCC U12 w"]
[Site "Kapuskasing CAN"]
[Date "2004.07.06"]
[Round "1"]
[White "Ferguson, Amy"]
[Black "Ruiter, Chelsea"]
[Result "0-1"]
[WhiteElo "1188"]
[BlackElo "932"]
[PlyCount "168"]
[GameId "2160767911095903"]
[EventDate "2004.07.06"]
[EventType "tourn"]
[EventRounds "7"]
[EventCountry "CAN"]
[SourceTitle "EXT 2006"]
[Source "ChessBase"]
[SourceDate "2005.11.24"]
[SourceVersion "1"]
[SourceVersionDate "2005.11.24"]
[SourceQuality "1"]

1. e4 Nf6 2. Nc3 d5 3. d3 dxe4 4. dxe4 Qxd1+ 5. Nxd1 Nxe4 6. Bd3 Nc5 7. Bc4 Be6 8. Ne3 Bxc4 9. Nxc4 Nc6 10. Nf3 O-O-O 11. O-O g6 12. Nfe5 Nxe5 13. Nxe5 Rg8 14. Nxf7 Rd7 15. Ne5 Rd5 16. Re1 Bg7 17. Nf3 Re8 18. c3 Nd3 19. Rd1 Red8 20. Be3 Be5 21. Bxa7 b6 22. Nxe5 Nxe5 23. Re1 Kb7 24. Bxb6 Kxb6 25. Re4 Rd1+ 26. Re1 Rxa1 27. Rxa1 Nd3 28. Rd1 c5 29. c4 Kc7 30. b3 Nb4 31. Ra1 Nc2 32. Rc1 Nd4 33. Re1 Re8 34. a4 Nxb3 35. Rb1 Rd8 36. g3 Nd4 37. a5 Ra8 38. Ra1 Nf5 39. Kg2 Nd6 40. Kh3 Nxc4 41. Rc1 Nxa5 42. Rxc5+ Kd6 43. Rg5 Nb3 44. Kh4 Ra4+ 45. f4 Ra5 46. Rxa5 Nxa5 47. Kg5 Ke6 48. Kh6 Kf6 49. Kxh7 g5 50. Kh6 gxf4 51. gxf4 Kf5 52. h4 Kf6 53. h5 Nb7 54. Kh7 Nd6 55. h6 Nf7 56. Kg8 Nxh6+ 57. Kf8 Ng4 58. Ke8 Ne3 59. Kd7 Nd5 60. f5 Kxf5 61. Kc6 Nc3 62. Kc5 e5 63. Kc4 Nd1 64. Kd3 e4+ 65. Ke2 Nc3+ 66. Ke3 Nd5+ 67. Ke2 Kf4 68. Ke1 Kf3 69. Kf1 e3 70. Ke1 e2 71. Kd2 Kf2 72. Kd3 e1=Q 73. Kc4 Qe4+ 74. Kc5 Kf3 75. Kd6 Kf4 76. Kc5 Ke5 77. Kc6 Qd4 78. Kb5 Nc7+ 79. Kc6 Qd5+ 80. Kxc7 Qd6+ 81. Kc8 Qe7 82. Kb8 Kd6 83. Ka8 Kc6 84. Kb8 Qb7# 0-1

[Event "CYCC U12 w"]
[Site "Kapuskasing CAN"]
[Date "2004.07.06"]
[Round "1"]
[White "Frenette, Catherine"]
[Black "Lachance, Venessa"]
[Result "1-0"]
[WhiteElo "1311"]
[BlackElo "1032"]
[PlyCount "73"]
[GameId "2160767911095904"]
[EventDate "2004.07.06"]
[EventType "tourn"]
[EventRounds "7"]
[EventCountry "CAN"]
[SourceTitle "EXT 2006"]
[Source "ChessBase"]
[SourceDate "2005.11.24"]
[SourceVersion "1"]
[SourceVersionDate "2005.11.24"]
[SourceQuality "1"]

1. d4 d5 2. c4 e6 3. Nc3 Bb4 4. Nf3 dxc4 5. e4 e5 6. Qa4+ Bd7 7. Qxb4 Qe7 8. Qxe7+ Nxe7 9. Nxe5 Be6 10. d5 Bc8 11. Bxc4 c6 12. d6 Ng6 13. Bxf7+ Kf8 14. Bxg6 Nd7 15. Nxd7+ Bxd7 16. Bf5 Bxf5 17. exf5 Re8+ 18. Kd1 Rd8 19. Bf4 h6 20. Re1 g5 21. fxg6 Rg8 22. Bxh6+ Rg7 23. Bxg7+ Kxg7 24. Ne4 Kxg6 25. Kc2 b5 26. Rad1 a5 27. d7 b4 28. Nc5 Rf8 29. f3 Rf5 30. Nb7 a4 31. b3 a3 32. d8=Q c5 33. Rd5 Rf7 34. Qg5+ Kh7 35. Re4 Rg7 36. Rd7 c4 37. Qxg7# 1-0

[Event "CYCC U12 w"]
[Site "Kapuskasing CAN"]
[Date "2004.07.06"]
[Round "1"]
[White "Xiong, Sonja"]
[Black "Nguyen, Minh Ly"]
[Result "1-0"]
[WhiteElo "1313"]
[BlackElo "1363"]
[PlyCount "121"]
[GameId "2160767911095905"]
[EventDate "2004.07.06"]
[EventType "tourn"]
[EventRounds "7"]
[EventCountry "CAN"]
[SourceTitle "EXT 2006"]
[Source "ChessBase"]
[SourceDate "2005.11.24"]
[SourceVersion "1"]
[SourceVersionDate "2005.11.24"]
[SourceQuality "1"]

1. e4 d5 2. exd5 Qxd5 3. Nc3 Qa5 4. Nf3 Nf6 5. d4 c6 6. Be2 Bf5 7. O-O e6 8. Be3 Nbd7 9. Qd2 Bb4 10. a3 Bxc3 11. bxc3 Ne4 12. Qe1 Qxc3 13. Bd3 Qxe1 14. Rfxe1 Bg6 15. Nh4 Nef6 16. Nxg6 hxg6 17. c3 O-O 18. Bf4 Rfe8 19. Rab1 b6 20. Ba6 Nd5 21. Bg3 Nxc3 22. Rbc1 Nd5 23. Bb7 Rad8 24. Bxc6 Kh7 25. f3 a6 26. Bxd5 exd5 27. Rxe8 Rxe8 28. Rc7 Nf6 29. Rc6 Re6 30. Rc7 Re3 31. Rxf7 Kg8 32. Rb7 b5 33. Bd6 Rd3 34. Bc5 Nh5 35. Rb6 Nf4 36. Kf2 g5 37. g3 Nh5 38. Rxa6 Rd2+ 39. Kg1 Rd1+ 40. Kg2 Rd2+ 41. Kh3 Rd3 42. Kg4 Nf6+ 43. Kxg5 Rxf3 44. Kg6 Nd7 45. Ra8+ Nf8+ 46. Rxf8+ Rxf8 47. Bxf8 Kxf8 48. Kf5 Kf7 49. Ke5 Kg6 50. Kxd5 Kh5 51. Ke4 Kg4 52. d5 g5 53. h4 gxh4 54. gxh4 Kxh4 55. d6 Kg5 56. d7 Kg6 57. d8=Q Kf7 58. Ke5 Kg6 59. Qf8 Kh7 60. Kf6 b4 61. Qg7# 1-0

[Event "CYCC U12 w"]
[Site "Kapuskasing CAN"]
[Date "2004.07.06"]
[Round "2"]
[White "Lachance, Venessa"]
[Black "Xiong, Sonja"]
[Result "0-1"]
[WhiteElo "1032"]
[BlackElo "1313"]
[PlyCount "90"]
[GameId "2160767911095906"]
[EventDate "2004.07.06"]
[EventType "tourn"]
[EventRounds "7"]
[EventCountry "CAN"]
[SourceTitle "EXT 2006"]
[Source "ChessBase"]
[SourceDate "2005.11.24"]
[SourceVersion "1"]
[SourceVersionDate "2005.11.24"]
[SourceQuality "1"]

1. e4 e5 2. Nf3 Nc6 3. Bb5 d6 4. d3 Bd7 5. Bg5 Nf6 6. Nc3 a6 7. Bc4 h6 8. Be3 Be6 9. Bxe6 fxe6 10. d4 Nd7 11. d5 exd5 12. exd5 Ne7 13. a4 c6 14. dxc6 Nxc6 15. Bd2 Qf6 16. Ne4 Qg6 17. Qe2 Be7 18. g3 O-O-O 19. Nh4 Bxh4 20. gxh4 d5 21. h5 Qxe4 22. Qxe4 dxe4 23. a5 Nf6 24. O-O-O Nxh5 25. Be3 Nxa5 26. Bb6 Rxd1+ 27. Rxd1 Nc6 28. Bc5 Rd8 29. Rxd8+ Kxd8 30. Bb6+ Kd7 31. c4 Nf6 32. c5 Ng4 33. h3 Nxf2 34. h4 e3 35. h5 Nd4 36. c6+ Kxc6 37. Ba5 Nb3+ 38. Kc2 Nxa5 39. b4 Nc4 40. b5+ Kxb5 41. Kc3 e2 42. Kb3 e1=Q 43. Kc2 Qe2+ 44. Kb1 e4 45. Ka1 Qb2# 0-1

[Event "CYCC U12 w"]
[Site "Kapuskasing CAN"]
[Date "2004.07.06"]
[Round "2"]
[White "Nguyen, Minh Ly"]
[Black "Ferguson, Amy"]
[Result "1-0"]
[WhiteElo "1363"]
[BlackElo "1188"]
[PlyCount "67"]
[GameId "2160767911095907"]
[EventDate "2004.07.06"]
[EventType "tourn"]
[EventRounds "7"]
[EventCountry "CAN"]
[SourceTitle "EXT 2006"]
[Source "ChessBase"]
[SourceDate "2005.11.24"]
[SourceVersion "1"]
[SourceVersionDate "2005.11.24"]
[SourceQuality "1"]

1. d4 d5 2. c4 e6 3. Nf3 Nf6 4. g3 Nc6 5. Nbd2 Bb4 6. Qc2 b6 7. Bg2 Ba6 8. cxd5 Qxd5 9. Nh4 Nxd4 10. Qxc7 Rc8 11. Qxc8+ Bxc8 12. Bxd5 Nc2+ 13. Kd1 Nxa1 14. Bc4 O-O 15. a3 Bxd2 16. Bxd2 Rd8 17. f3 a6 18. Kc1 b5 19. Ba2 Nd5 20. Kb1 Nb6 21. Ba5 Rd6 22. Bxb6 Rxb6 23. Rd1 g5 24. Ng2 Bb7 25. Ne3 Rc6 26. Kxa1 Kg7 27. Kb1 e5 28. Rd7 Bc8 29. Rxf7+ Kg6 30. Rf8 Be6 31. Bxe6 Rxe6 32. Rg8+ Kf6 33. Ng4+ Kf5 34. e4# 1-0

[Event "CYCC U12 w"]
[Site "Kapuskasing CAN"]
[Date "2004.07.06"]
[Round "2"]
[White "Ruiter, Chelsea"]
[Black "Kagramanov, Dalia"]
[Result "0-1"]
[WhiteElo "932"]
[BlackElo "1227"]
[PlyCount "40"]
[GameId "2160767911095908"]
[EventDate "2004.07.06"]
[EventType "tourn"]
[EventRounds "7"]
[EventCountry "CAN"]
[SourceTitle "EXT 2006"]
[Source "ChessBase"]
[SourceDate "2005.11.24"]
[SourceVersion "1"]
[SourceVersionDate "2005.11.24"]
[SourceQuality "1"]

1. e4 c6 2. d4 d5 3. f3 e6 4. e5 Nd7 5. Nc3 c5 6. Nge2 cxd4 7. Nxd4 Bc5 8. Bf4 Ne7 9. Qd3 O-O 10. O-O-O Ng6 11. Qe3 Qc7 12. Ncb5 Qa5 13. Nc3 Rb8 14. Bd3 b5 15. a3 b4 16. Nb1 bxa3 17. c3 Rxb2 18. Nd2 Qxc3+ 19. Bc2 Rxc2+ 20. Nxc2 Qb2# 0-1

[Event "CYCC U12 w"]
[Site "Kapuskasing CAN"]
[Date "2004.07.07"]
[Round "3"]
[White "Ferguson, Amy"]
[Black "Lachance, Venessa"]
[Result "1-0"]
[WhiteElo "1188"]
[BlackElo "1032"]
[PlyCount "111"]
[GameId "2160767911095909"]
[EventDate "2004.07.06"]
[EventType "tourn"]
[EventRounds "7"]
[EventCountry "CAN"]
[SourceTitle "EXT 2006"]
[Source "ChessBase"]
[SourceDate "2005.11.24"]
[SourceVersion "1"]
[SourceVersionDate "2005.11.24"]
[SourceQuality "1"]

1. e4 e5 2. Nf3 d6 3. Bc4 Bg4 4. Nc3 Nh6 5. d3 Nc6 6. Be3 Be7 7. d4 O-O 8. O-O Be6 9. Bb3 Ng4 10. Re1 Nb4 11. dxe5 dxe5 12. h3 Nxe3 13. Rxe3 Qxd1+ 14. Rxd1 Bxb3 15. cxb3 Nc2 16. Red3 Rad8 17. Rd7 Rfe8 18. Rxc7 Nb4 19. Rxd8 Bxd8 20. Rc8 Nd3 21. Nd5 Nxf2 22. Nxe5 Nxe4 23. Nc7 Kf8 24. Nd7+ Ke7 25. Nxe8 Kxd7 26. Rc4 Nd6 27. Nxd6 Bb6+ 28. Kf1 Kxd6 29. Ke2 h5 30. Kf3 g5 31. g4 hxg4+ 32. Kxg4 f6 33. Kf5 Bd8 34. Kg4 b5 35. Rd4+ Ke7 36. a4 Bb6 37. Re4+ Kf7 38. Kf5 b4 39. Rxb4 Bc5 40. Rb7+ Kf8 41. Kxf6 Be3 42. b4 Ke8 43. Re7+ Kd8 44. Rxe3 Kd7 45. Kxg5 Kc6 46. h4 Kd5 47. h5 Kd4 48. Re8 Kc4 49. h6 Kxb4 50. h7 a5 51. h8=Q Kxa4 52. Qd4+ Kb3 53. Re3+ Ka2 54. b4 a4 55. Qd2+ Kb1 56. Re1# 1-0

[Event "CYCC U12 w"]
[Site "Kapuskasing CAN"]
[Date "2004.07.07"]
[Round "3"]
[White "Kagramanov, Dalia"]
[Black "Nguyen, Minh Ly"]
[Result "0-1"]
[WhiteElo "1227"]
[BlackElo "1363"]
[PlyCount "58"]
[GameId "2160767911095910"]
[EventDate "2004.07.06"]
[EventType "tourn"]
[EventRounds "7"]
[EventCountry "CAN"]
[SourceTitle "EXT 2006"]
[Source "ChessBase"]
[SourceDate "2005.11.24"]
[SourceVersion "1"]
[SourceVersionDate "2005.11.24"]
[SourceQuality "1"]

1. e4 d5 2. exd5 Qxd5 3. Nc3 Qa5 4. d4 c6 5. Nf3 Nf6 6. Bd2 Bf5 7. Bc4 e6 8. O-O Nbd7 9. Ne4 Qc7 10. Nxf6+ gxf6 11. Re1 O-O-O 12. Re3 Bd6 13. Qe2 Nb6 14. Rb3 Bg4 15. Qd3 Bxf3 16. Qxf3 Bxh2+ 17. Kh1 Rxd4 18. Qxf6 Be5 19. Bxe6+ fxe6 20. Qxe6+ Nd7 21. Rd1 Kb8 22. Re3 Bf4 23. Re2 Bxd2 24. Rdxd2 Rh4+ 25. Qh3 Rxh3+ 26. gxh3 Qf4 27. Rxd7 Qf3+ 28. Kg1 Qxe2 29. Rg7 Qxc2 0-1

[Event "CYCC U12 w"]
[Site "Kapuskasing CAN"]
[Date "2004.07.07"]
[Round "3"]
[White "Xiong, Sonja"]
[Black "Frenette, Catherine"]
[Result "1-0"]
[WhiteElo "1313"]
[BlackElo "1311"]
[PlyCount "117"]
[GameId "2160767911095911"]
[EventDate "2004.07.06"]
[EventType "tourn"]
[EventRounds "7"]
[EventCountry "CAN"]
[SourceTitle "EXT 2006"]
[Source "ChessBase"]
[SourceDate "2005.11.24"]
[SourceVersion "1"]
[SourceVersionDate "2005.11.24"]
[SourceQuality "1"]

1. e4 c5 2. Nf3 d6 3. d4 cxd4 4. Nxd4 Nf6 5. Nc3 a6 6. Be3 e5 7. Nb3 Be6 8. Be2 Be7 9. O-O Nc6 10. f4 d5 11. exd5 Nxd5 12. Qd2 exf4 13. Bxf4 Qb6+ 14. Kh1 Rd8 15. Qe1 O-O 16. Qg3 Nxf4 17. Qxf4 Bd6 18. Qh4 Rfe8 19. Bd3 h6 20. Qe4 f5 21. Rxf5 Bxf5 22. Qxf5 Qc7 23. Qh7+ Kf8 24. Rf1+ Bf4 25. Qf5+ Qf7 26. Qxf4 Qxf4 27. Rxf4+ Kg8 28. Bc4+ Kh8 29. Kg1 b5 30. Bd3 b4 31. Ne4 Ne5 32. Bxa6 Ra8 33. Nbc5 Red8 34. Kf2 g5 35. Rf5 Rd5 36. h3 Nd3+ 37. Ke3 Rxf5 38. Kxd3 Kh7 39. Kc4 Kg6 40. Kxb4 h5 41. Ka5 Re8 42. Ka4 Rf4 43. Bb7 Rb8 44. b4 Rxb7 45. Nxb7 Rxe4 46. Kb3 Re2 47. a4 Rxg2 48. a5 Rg3+ 49. c3 Rxh3 50. a6 Rf3 51. b5 h4 52. Nc5 g4 53. Ne6 h3 54. a7 h2 55. a8=Q h1=Q 56. Nf4+ Kf5 57. Qf8+ Ke4 58. Qb4+ Ke3 59. Qd4# 1-0

[Event "CYCC U12 w"]
[Site "Kapuskasing CAN"]
[Date "2004.07.07"]
[Round "4"]
[White "Frenette, Catherine"]
[Black "Ferguson, Amy"]
[Result "1-0"]
[WhiteElo "1311"]
[BlackElo "1188"]
[PlyCount "111"]
[GameId "2160767911095912"]
[EventDate "2004.07.06"]
[EventType "tourn"]
[EventRounds "7"]
[EventCountry "CAN"]
[SourceTitle "EXT 2006"]
[Source "ChessBase"]
[SourceDate "2005.11.24"]
[SourceVersion "1"]
[SourceVersionDate "2005.11.24"]
[SourceQuality "1"]

1. d4 d5 2. c4 e6 3. Nc3 Nf6 4. Bg5 Bb4 5. cxd5 exd5 6. e3 Bf5 7. Qa4+ Nc6 8. Bb5 Bxc3+ 9. bxc3 Qd6 10. Nf3 Ne4 11. Rc1 a6 12. Bf4 Qe6 13. Bxc7 O-O 14. Bxc6 Qxc6 15. Qxc6 bxc6 16. c4 Ra7 17. Bf4 Rb7 18. cxd5 cxd5 19. O-O Rb2 20. a4 Ra2 21. Ra1 Rxa1 22. Rxa1 h6 23. Rc1 Ra8 24. Rc7 Re8 25. Ne5 Rb8 26. Rc1 Nc3 27. Kf1 Nxa4 28. Nxf7 Rb7 29. Nd6 Bd3+ 30. Ke1 Ra7 31. Kd2 Bg6 32. Rc8+ Kh7 33. Rb8 Bf7 34. Rb4 Nb2 35. Rxb2 Kg6 36. Nxf7 Kxf7 37. Rc2 a5 38. Rc7+ Rxc7 39. Bxc7 a4 40. Kc2 Kf6 41. Kc3 Kf5 42. Kb4 Ke4 43. Kxa4 Kd3 44. Kb4 Ke2 45. Kc5 Kxf2 46. Kxd5 Kxe3 47. Ke5 g5 48. d5 g4 49. d6 Kf2 50. d7 Kxg2 51. d8=Q Kxh2 52. Ke4+ g3 53. Kf3 h5 54. Qd2+ Kh3 55. Qg2+ Kh4 56. Qxg3# 1-0

[Event "CYCC U12 w"]
[Site "Kapuskasing CAN"]
[Date "2004.07.07"]
[Round "4"]
[White "Lachance, Venessa"]
[Black "Kagramanov, Dalia"]
[Result "0-1"]
[WhiteElo "1032"]
[BlackElo "1227"]
[PlyCount "78"]
[GameId "2160767911095913"]
[EventDate "2004.07.06"]
[EventType "tourn"]
[EventRounds "7"]
[EventCountry "CAN"]
[SourceTitle "EXT 2006"]
[Source "ChessBase"]
[SourceDate "2005.11.24"]
[SourceVersion "1"]
[SourceVersionDate "2005.11.24"]
[SourceQuality "1"]

1. e4 c6 2. Nf3 d5 3. e5 Bg4 4. Be2 e6 5. d3 Nd7 6. Bg5 f6 7. Bf4 Bc5 8. Be3 Bxe3 9. fxe3 Bxf3 10. Bxf3 Nxe5 11. Bh5+ g6 12. Be2 Ne7 13. d4 Nd7 14. Nc3 Qb6 15. Na4 Qa5+ 16. Qd2 Qxa4 17. Qc3 b5 18. Bg4 f5 19. Bd1 b4 20. Qb3 Qb5 21. Be2 Qb6 22. a3 Qc7 23. Qxb4 Rb8 24. Qc3 e5 25. a4 e4 26. Ba6 f4 27. Ra3 Nf5 28. Rb3 Rxb3 29. cxb3 Nxe3 30. Rg1 Qd6 31. h4 c5 32. dxc5 Qf8 33. c6 Nc5 34. c7 Kf7 35. c8=Q Qe7 36. Q3xh8 Qxh4+ 37. g3 Nd3+ 38. Ke2 Qh2+ 39. Rg2 Qxg2# 0-1

[Event "CYCC U12 w"]
[Site "Kapuskasing CAN"]
[Date "2004.07.07"]
[Round "4"]
[White "Nguyen, Minh Ly"]
[Black "Ruiter, Chelsea"]
[Result "1-0"]
[WhiteElo "1363"]
[BlackElo "932"]
[PlyCount "39"]
[GameId "2160767911095914"]
[EventDate "2004.07.06"]
[EventType "tourn"]
[EventRounds "7"]
[EventCountry "CAN"]
[SourceTitle "EXT 2006"]
[Source "ChessBase"]
[SourceDate "2005.11.24"]
[SourceVersion "1"]
[SourceVersionDate "2005.11.24"]
[SourceQuality "1"]

1. d4 Nf6 2. c4 c6 3. Nf3 d5 4. cxd5 cxd5 5. Nc3 Bg4 6. Qb3 b6 7. Ne5 Bf5 8. Bf4 e6 9. Qa4+ Nbd7 10. Nc6 Qc8 11. Nb5 Be7 12. Nc7+ Kf8 13. Nxa8 Qxa8 14. Rc1 Qb7 15. Nxe7 Kxe7 16. Rc7 b5 17. Qb4+ Kd8 18. Rxb7 a6 19. Qd6 Kc8 20. Qc7# 1-0

[Event "CYCC U12 w"]
[Site "Kapuskasing CAN"]
[Date "2004.07.08"]
[Round "5"]
[White "Ferguson, Amy"]
[Black "Xiong, Sonja"]
[Result "0-1"]
[WhiteElo "1188"]
[BlackElo "1313"]
[PlyCount "94"]
[GameId "2160767911095915"]
[EventDate "2004.07.06"]
[EventType "tourn"]
[EventRounds "7"]
[EventCountry "CAN"]
[SourceTitle "EXT 2006"]
[Source "ChessBase"]
[SourceDate "2005.11.24"]
[SourceVersion "1"]
[SourceVersionDate "2005.11.24"]
[SourceQuality "1"]

1. e4 e5 2. Nf3 Nc6 3. Nc3 Nf6 4. Bc4 h6 5. d3 d6 6. h3 Be6 7. Bxe6 fxe6 8. Be3 d5 9. O-O d4 10. Bd2 dxc3 11. Bxc3 Bd6 12. d4 exd4 13. Bxd4 Nxd4 14. Qxd4 O-O 15. e5 c5 16. Qd1 Be7 17. exf6 Bxf6 18. c3 Qe8 19. Qc2 Qh5 20. Rad1 Rad8 21. Rd2 Bg5 22. Nxg5 Qxg5 23. Rfd1 Rxd2 24. Rxd2 Rd8 25. Rxd8+ Qxd8 26. Qe4 Qd5 27. Qxd5 exd5 28. Kf1 Kf7 29. Ke2 Ke6 30. Kd3 Ke5 31. g4 Kf4 32. b4 b6 33. bxc5 bxc5 34. a4 Kf3 35. a5 a6 36. c4 d4 37. Kd2 Kxf2 38. Kd3 Kf3 39. h4 g5 40. hxg5 hxg5 41. Kc2 Kxg4 42. Kd2 Kf3 43. Ke1 g4 44. Kf1 g3 45. Kg1 d3 46. Kf1 d2 47. Kg1 d1=Q# 0-1

[Event "CYCC U12 w"]
[Site "Kapuskasing CAN"]
[Date "2004.07.08"]
[Round "5"]
[White "Kagramanov, Dalia"]
[Black "Frenette, Catherine"]
[Result "1-0"]
[WhiteElo "1227"]
[BlackElo "1311"]
[PlyCount "81"]
[GameId "2160767911095916"]
[EventDate "2004.07.06"]
[EventType "tourn"]
[EventRounds "7"]
[EventCountry "CAN"]
[SourceTitle "EXT 2006"]
[Source "ChessBase"]
[SourceDate "2005.11.24"]
[SourceVersion "1"]
[SourceVersionDate "2005.11.24"]
[SourceQuality "1"]

1. e4 c5 2. Nf3 d6 3. d4 cxd4 4. Nxd4 Nf6 5. Nc3 a6 6. Be2 e5 7. Nb3 Be6 8. Be3 Nbd7 9. O-O Rc8 10. Nd5 Nxe4 11. c4 Bxd5 12. cxd5 Be7 13. f4 O-O 14. Qd3 Nef6 15. Nd2 Qa5 16. Bf3 exf4 17. Bxf4 Qb4 18. Be3 Qxb2 19. Nc4 Qb5 20. Rac1 Ne5 21. Nxe5 dxe5 22. Qd2 e4 23. d6 exf3 24. dxe7 Rfe8 25. Rxc8 Rxc8 26. Qd8+ Qe8 27. Rd1 h6 28. Qxc8 Kh7 29. Qxe8 Nxe8 30. Rd8 b5 31. Rxe8 b4 32. Rb8 b3 33. axb3 a5 34. e8=Q f2+ 35. Kxf2 a4 36. Qe4+ g6 37. Qe5 g5 38. Qf5+ Kg7 39. Bd4+ f6 40. Qxf6+ Kh7 41. Qf5# 1-0

[Event "CYCC U12 w"]
[Site "Kapuskasing CAN"]
[Date "2004.07.08"]
[Round "5"]
[White "Ruiter, Chelsea"]
[Black "Lachance, Venessa"]
[Result "1-0"]
[WhiteElo "932"]
[BlackElo "1032"]
[PlyCount "95"]
[GameId "2160767911095917"]
[EventDate "2004.07.06"]
[EventType "tourn"]
[EventRounds "7"]
[EventCountry "CAN"]
[SourceTitle "EXT 2006"]
[Source "ChessBase"]
[SourceDate "2005.11.24"]
[SourceVersion "1"]
[SourceVersionDate "2005.11.24"]
[SourceQuality "1"]

1. e4 e5 2. d4 Bb4+ 3. c3 Be7 4. f4 exf4 5. Bxf4 Nf6 6. e5 Nd5 7. Bd2 Bh4+ 8. g3 Bg5 9. Bc4 Ne3 10. Bxe3 Bxe3 11. Qf3 f6 12. Qxe3 b5 13. Bxb5 Bb7 14. Nf3 c6 15. Be2 Qb6 16. b3 Ba6 17. Bxa6 Qxa6 18. Qe2 Qxe2+ 19. Kxe2 d5 20. exd6 O-O 21. Nbd2 Re8+ 22. Kf2 Rd8 23. Nc4 Nd7 24. Rad1 c5 25. Rhe1 a5 26. a3 a4 27. b4 cxb4 28. cxb4 Rac8 29. Nb2 Rc2+ 30. Rd2 Rxd2+ 31. Nxd2 Nb6 32. Ndc4 Nxc4 33. Nxc4 f5 34. Re7 Kf8 35. Kf3 Re8 36. Rxe8+ Kxe8 37. Kf4 g6 38. Ke5 h5 39. Kf6 Kd7 40. Kxg6 Kc6 41. Kxf5 Kd5 42. d7 Kc6 43. d8=Q Kb5 44. Qd5+ Ka6 45. Qc6+ Ka7 46. Qc7+ Ka8 47. Nd6 h4 48. Qb7# 1-0

[Event "CYCC U12 w"]
[Site "Kapuskasing CAN"]
[Date "2004.07.08"]
[Round "6"]
[White "Lachance, Venessa"]
[Black "Nguyen, Minh Ly"]
[Result "0-1"]
[WhiteElo "1032"]
[BlackElo "1363"]
[PlyCount "122"]
[GameId "2160767911095918"]
[EventDate "2004.07.06"]
[EventType "tourn"]
[EventRounds "7"]
[EventCountry "CAN"]

1. e4 d5 2. e5 c5 3. Bb5+ Bd7 4. Bxd7+ Qxd7 5. Nf3 Nc6 6. d3 e6 7. Bf4 Nge7 8. d4 Ng6 9. Bg3 cxd4 10. Nxd4 Ncxe5 11. Qe2 Bd6 12. Qb5 Qxb5 13. Nxb5 Bb8 14. Nd2 a6 15. Nd4 Nc6 16. Nxc6 bxc6 17. c4 Bxg3 18. hxg3 O-O 19. c5 Ne5 20. Nb3 Nd3+ 21. Ke2 Nxb2 22. Na5 Rfc8 23. Rab1 Nc4 24. Nb7 Rab8 25. Nd6 Nxd6 26. cxd6 Rb5 27. a4 Ra5 28. Rb7 Rd8 29. d7 d4 30. Kd3 Rd5 31. Rc7 R8xd7 32. Rc8+ Rd8 33. Rxc6 R5d6 34. Rxd6 Rxd6 35. Rc1 Kf8 36. Rc8+ Ke7 37. Rc7+ Kf6 38. f4 Rd5 39. a5 Rxa5 40. Kxd4 Ra2 41. Ke4 Rxg2 42. Kf3 Ra2 43. Kg4 g6 44. Rc5 h5+ 45. Kf3 Ra3+ 46. Ke4 Rxg3 47. Re5 h4 48. Ra5 h3 49. Ra1 a5 50. Rxa5 h2 51. Ra1 Rg1 52. Rxg1 hxg1=Q 53. f5 gxf5+ 54. Kd3 Ke5 55. Kc4 f4 56. Kd3 Kd5 57. Kc2 Qe3 58. Kd1 Qf2 59. Kc1 Kc4 60. Kd1 Kc3 61. Kc1 Qe1# 0-1

[Event "CYCC U12 w"]
[Site "Kapuskasing CAN"]
[Date "2004.07.08"]
[Round "6"]
[White "Xiong, Sonja"]
[Black "Kagramanov, Dalia"]
[Result "1-0"]
[WhiteElo "1313"]
[BlackElo "1227"]
[PlyCount "101"]
[GameId "2160767911095919"]
[EventDate "2004.07.06"]
[EventType "tourn"]
[EventRounds "7"]
[EventCountry "CAN"]

1. e4 c6 2. Nf3 d5 3. exd5 cxd5 4. d4 Bg4 5. h3 Bh5 6. Be2 Nf6 7. Nc3 Nc6 8. Be3 e6 9. Qd2 Bb4 10. O-O O-O 11. Qd3 Bxc3 12. Qxc3 Ne4 13. Qe1 f5 14. Nd2 Bxe2 15. Qxe2 f4 16. Nxe4 dxe4 17. Bd2 Qxd4 18. c3 Qd3 19. Rfe1 Rad8 20. Rad1 Qxe2 21. Rxe2 e5 22. Rxe4 f3 23. Ree1 Rd3 24. Be3 e4 25. Rd2 Ne5 26. g3 Rfd8 27. Rxd3 Rxd3 28. Bxa7 Rd2 29. Rxe4 Nd3 30. Re3 Rxf2 31. Rxd3 Rg2+ 32. Kf1 Rxg3 33. Kf2 Rxh3 34. Rxf3 Rxf3+ 35. Kxf3 h5 36. b4 g5 37. Kg3 Kf7 38. a4 Kf6 39. b5 Kf5 40. a5 h4+ 41. Kh3 Kf4 42. a6 bxa6 43. b6 g4+ 44. Kxh4 g3 45. b7 g2 46. b8=Q+ Kf3 47. Qe8 g1=Q 48. Bxg1 Kg2 49. Qe3 Kh1 50. Qf2 a5 51. Qh2# 1-0